Non-ferrous metals and alloys /

Gespeichert in:
Bibliographische Detailangaben
1. Verfasser: Sedláček, Vladimír (Verfasst von)
Format: Buch
Sprache:Englisch
Veröffentlicht: Praha : SNTL, 1986
Schlagworte:
Tags: Tag hinzufügen
Keine Tags, Fügen Sie das erste Tag hinzu!

MARC

LEADER 00000nam a22000003a 4500
001 stu41797
005 20150617225723.3
008 940121s1986----cs------------------eng-d
040 |a STU  |b slo 
041 0 |a eng 
044 |a cs 
080 |a 669.2/.8 
100 1 |a Sedláček, Vladimír  |4 aut 
245 1 |a Non-ferrous metals and alloys /  |c [aut.]Vladimír Sedláček 
260 |a Praha :  |b SNTL,  |c 1986 
300 |a 475 s 
650 7 |a kovy neželezné  |2 stusub 
650 7 |a zliatiny  |2 stusub 
996 |b 284M045106  |c M*1735-1  |l MMKN  |s A  |a 24  |w stu41797_0001